<?xml version="1.0" encoding="UTF-8"?>
<record
    xmlns:xsi="http://www.w3.org/2001/XMLSchema-instance"
    xsi:schemaLocation="http://www.loc.gov/MARC21/slim http://www.loc.gov/standards/marcxml/schema/MARC21slim.xsd"
    xmlns="http://www.loc.gov/MARC21/slim">

  <leader>00350nam a2200145Ia 4500</leader>
  <controlfield tag="008">191201s1989    xx            000 0 und d</controlfield>
  <datafield tag="082" ind1=" " ind2=" ">
    <subfield code="a">624.17</subfield>
    <subfield code="b">RAT</subfield>
  </datafield>
  <datafield tag="100" ind1=" " ind2=" ">
    <subfield code="a">RAMAMRUTHAM, S</subfield>
  </datafield>
  <datafield tag="245" ind1=" " ind2="0">
    <subfield code="a">Theory of Structures</subfield>
  </datafield>
  <datafield tag="250" ind1=" " ind2=" ">
    <subfield code="a">Rep</subfield>
  </datafield>
  <datafield tag="260" ind1=" " ind2=" ">
    <subfield code="a">N. Delhi</subfield>
    <subfield code="b">Dhanpat Rai Pub (P) Ltd</subfield>
    <subfield code="c">1989</subfield>
  </datafield>
  <datafield tag="300" ind1=" " ind2=" ">
    <subfield code="a">1272</subfield>
  </datafield>
  <datafield tag="650" ind1=" " ind2=" ">
    <subfield code="a">B.Tech(CE)</subfield>
  </datafield>
  <datafield tag="942" ind1=" " ind2=" ">
    <subfield code="2">ddc</subfield>
    <subfield code="c">BK</subfield>
  </datafield>
  <datafield tag="999" ind1=" " ind2=" ">
    <subfield code="c">5687</subfield>
    <subfield code="d">5687</subfield>
  </datafield>
  <datafield tag="952" ind1=" " ind2=" ">
    <subfield code="0">0</subfield>
    <subfield code="1">0</subfield>
    <subfield code="2">ddc</subfield>
    <subfield code="4">0</subfield>
    <subfield code="7">0</subfield>
    <subfield code="8">BTECHCE</subfield>
    <subfield code="a">PIET</subfield>
    <subfield code="b">PIET</subfield>
    <subfield code="d">2013-05-14</subfield>
    <subfield code="e">IBH, New Delhi</subfield>
    <subfield code="g">640.00</subfield>
    <subfield code="k">1209</subfield>
    <subfield code="l">2</subfield>
    <subfield code="o">624.171 RAT</subfield>
    <subfield code="p">22198</subfield>
    <subfield code="r">2025-06-17 00:00:00</subfield>
    <subfield code="s">2025-06-16</subfield>
    <subfield code="w">2013-05-09</subfield>
    <subfield code="y">BK</subfield>
  </datafield>
  <datafield tag="952" ind1=" " ind2=" ">
    <subfield code="0">0</subfield>
    <subfield code="1">0</subfield>
    <subfield code="2">ddc</subfield>
    <subfield code="4">0</subfield>
    <subfield code="7">0</subfield>
    <subfield code="8">BTECHCE</subfield>
    <subfield code="a">PIET</subfield>
    <subfield code="b">PIET</subfield>
    <subfield code="d">2013-05-14</subfield>
    <subfield code="e">IBH, New Delhi</subfield>
    <subfield code="g">640.00</subfield>
    <subfield code="k">1209</subfield>
    <subfield code="l">6</subfield>
    <subfield code="o">624.171 RAT</subfield>
    <subfield code="p">22199</subfield>
    <subfield code="r">2025-11-25 00:00:00</subfield>
    <subfield code="s">2025-11-13</subfield>
    <subfield code="w">2013-05-09</subfield>
    <subfield code="y">BK</subfield>
  </datafield>
  <datafield tag="952" ind1=" " ind2=" ">
    <subfield code="0">0</subfield>
    <subfield code="1">0</subfield>
    <subfield code="2">ddc</subfield>
    <subfield code="4">0</subfield>
    <subfield code="7">0</subfield>
    <subfield code="8">BTECHCE</subfield>
    <subfield code="a">PIET</subfield>
    <subfield code="b">PIET</subfield>
    <subfield code="d">2013-05-14</subfield>
    <subfield code="e">IBH, New Delhi</subfield>
    <subfield code="g">640.00</subfield>
    <subfield code="k">1209</subfield>
    <subfield code="l">5</subfield>
    <subfield code="o">624.171 RAT</subfield>
    <subfield code="p">22200</subfield>
    <subfield code="r">2025-06-12 00:00:00</subfield>
    <subfield code="s">2025-05-29</subfield>
    <subfield code="w">2013-05-09</subfield>
    <subfield code="y">BK</subfield>
  </datafield>
  <datafield tag="952" ind1=" " ind2=" ">
    <subfield code="0">0</subfield>
    <subfield code="1">0</subfield>
    <subfield code="2">ddc</subfield>
    <subfield code="4">0</subfield>
    <subfield code="7">0</subfield>
    <subfield code="8">BTECHCE</subfield>
    <subfield code="a">PIET</subfield>
    <subfield code="b">PIET</subfield>
    <subfield code="d">2013-05-14</subfield>
    <subfield code="e">IBH, New Delhi</subfield>
    <subfield code="g">640.00</subfield>
    <subfield code="k">1209</subfield>
    <subfield code="l">0</subfield>
    <subfield code="o">624.171 RAT</subfield>
    <subfield code="p">22201</subfield>
    <subfield code="r">2019-12-04 00:00:00</subfield>
    <subfield code="w">2013-05-09</subfield>
    <subfield code="y">BK</subfield>
  </datafield>
  <datafield tag="952" ind1=" " ind2=" ">
    <subfield code="0">0</subfield>
    <subfield code="1">0</subfield>
    <subfield code="2">ddc</subfield>
    <subfield code="4">0</subfield>
    <subfield code="7">0</subfield>
    <subfield code="8">BTECHCE</subfield>
    <subfield code="a">PIET</subfield>
    <subfield code="b">PIET</subfield>
    <subfield code="d">2013-05-14</subfield>
    <subfield code="e">IBH, New Delhi</subfield>
    <subfield code="g">640.00</subfield>
    <subfield code="k">1209</subfield>
    <subfield code="l">4</subfield>
    <subfield code="o">624.171 RAT</subfield>
    <subfield code="p">22202</subfield>
    <subfield code="r">2025-06-19 00:00:00</subfield>
    <subfield code="s">2025-06-12</subfield>
    <subfield code="w">2013-05-09</subfield>
    <subfield code="y">BK</subfield>
  </datafield>
</record>
